Adecuaciones curriculares . apuntes de atención a la diversidad /
Guardado en:
| Autor Principal: | |
|---|---|
| Formato: | Libro |
| Publicado: |
Buenos Aires :
Novedades Educativas,
2001
|
| Series: | En la Escuela 2001
|
| Materias: | |
| Etiquetas: |
Agregar Etiqueta
Sin Etiquetas, Sea el primero en etiquetar este registro!
|
| LEADER | 01075nam a22002415a 4500 | ||
|---|---|---|---|
| 001 | CEM.cems010940 | ||
| 005 | 20080303174043.0 | ||
| 008 | 130507s2001##################000#0#####d | ||
| 003 | CEMS | ||
| 020 | |a 987538030X | ||
| 082 | 0 | 4 | |a 379.15 |
| 100 | 1 | |a Borsani, María José | |
| 245 | 1 | 0 | |a Adecuaciones curriculares . apuntes de atención a la diversidad / |c María José Borsani |
| 260 | |a Buenos Aires : |b Novedades Educativas, |c 2001 | ||
| 300 | |a 157 p. | ||
| 490 | 0 | |a En la Escuela 2001 | |
| 505 | 0 | |a Orígenes y evolución de las adecuaciones curriculares -- Paradigmas y currículo -- Diferentes modalidades de adecuaciones curriculares -- Adecuaciones textuales -- Prevención del fracaso escolar en la Educación Básica desde el nivel inicial -- Tiempos de aprender -- La escritura, una construcción subjetiva -- Error-corrección -- Los púberes de fin de siglo | |
| 653 | |a Educación | ||
| 653 | |a Curriculum | ||
| 653 | |a Fracaso escolar | ||
| 653 | |a Diversidad-curriculum | ||
| 653 | |a Diversidad | ||
| 859 | |a CEMS |b BIB. CEMS - 11 de abril |h 379.15 |i B648 |p 21734.02 |t Ej.1 | ||
